1127 1708 1492 1916 1638 1070 1494 1632 1376 1575 1619 1226 1439 1084 1926 1927 1845 1312 1699 1032 1056 1572 1382 1764 1325 1978 1260 1158 1396 1955 1219 1373 1516 1401 1913 1551 1536 1518 1327 1676 1620 1596 1858 1580 1998 1574 1416 1281 1632 1146 1115 1513 1821 1571 1313 1800 1901 1814 1149 1010 1929 1364 1532 1276 1328 1709 1119 1096 1253 1087 1914 1500 1282 1571 1709 1579 1166 1982 1589 1862 1680 1361 1791 1739 1125 1611 1713 1853 1426 1426 1005 1772 1948 1869 1009 1453 1299 1488 1272 BCNSPRNW ULIB Ver.6.0+V

เปลี่ยนเป็นภาษาไทย

Change to English
 แสดงรายละเอียดบรรณานุกรม
  กลับหน้าหลัก

Brief Record : Get Marc (ISO 2709) : E-mail record : QR code < ปิดหน้าต่าง
LEADER : 00000nam 2200000uu 4500
001    13399125163
003     ULIB
008    161026s2551||||th 000 0 tha d
020    ^a99786169176206
050  4 ^aLB2349 ^bร523ร
245 00 ^aรวมความเห็นคณะกรรมการกฤษฎีกาเกี่ยวกับสถาบันอุดมศึกษาในกำกับภาครัฐ และ หลักเกณฑ์และวิธีการแต่งตั้งผู้ดำรงตำแหน่งทางวิชาการ /^cรวบรวมโดย กลุ่มกฎหมายการบริหารราชการแผ่นดิน 1 สำนักงานคณะกรรมการกฤษฎีกา
260    ^aกรุงเทพฯ :^bสถาบัน, ^c2551
300    ^a71หน้า ;^c29 ซม.
945    ^p0^l0^i001417
999    ^aวรรณษา ชูชัยมงคล
รายการนี้ยังไม่มีแท็ก
คุณยังไม่ได้ล็อกอิน คุณสามารถมีกิจกรรมร่วมกับเว็บไซต์ได้ แต่ต้องล็อกอินก่อน ::
  ล็อกอิน

รายการสื่อสารสนเทศ

ลำดับที่ ประเภท เลขเรียก/บาร์โค้ด สถานที่ สถานะ
1. การศึกษาทั่วไป
การศึกษาทั่วไป
LB2349 ร523ร ฉ.1 
  Barcode: 001417
ห้องสมุดวิทยาเขตสวรรค์ประชารักษ์
►หนังสือทั่วไป
บนชั้น

BibComment


ยังไม่เคยถูกคอมเมนท์

คอมเมนท์ทรัพยากรรายการนี้
  คอมเมนท์: รวมความเห็นคณะกร..


 Copyright 2026. Bcnsprnw @Library